Trading Partners: Malaysia - Statistics

General Stats
  • This quiz has been taken 20 times
  • The average score is 37 of 40
Answer Stats
Balance Answer % Correct
$64,874,529,626 China
100%
-$59,544,392,852 China
100%
-$1,678,179,011 France
100%
$6,868,187,510 Germany
100%
-$6,152,118,275 Germany
100%
$9,465,142,517 Indonesia
100%
-$13,487,958,892 Indonesia
100%
$18,166,720,214 Japan
100%
-$17,790,652,583 Japan
100%
$9,087,297,935 South Korea
100%
-$12,073,745,894 South Korea
100%
$12,646,128,852 Thailand
100%
-$10,999,681,261 Thailand
100%
$2,361,169,336 United Kingdom
100%
-$1,784,991,792 United Kingdom
100%
$34,366,250,028 United States
100%
-$18,079,868,272 United States
100%
$10,982,097,603 Vietnam
100%
-$5,735,376,759 Vietnam
100%
$8,482,353,313 Australia
94%
-$5,444,825,528 Australia
94%
-$2,794,389,922 Brazil
94%
$10,905,264,686 India
94%
-$5,920,421,404 India
94%
$1,724,218,119 Italy
94%
-$1,850,717,309 Italy
94%
$5,459,821,684 Philippines
94%
-$2,391,227,084 Philippines
94%
-$3,017,565,962 Saudi Arabia
94%
$2,258,665,129 Bangladesh
89%
$41,847,308,487 Singapore
89%
-$22,618,591,359 Singapore
89%
$2,797,179,673 Mexico
83%
$3,409,109,874 Turkiye
83%
$2,555,259,715 United Arab Emirates
83%
-$2,823,685,319 United Arab Emirates
83%
$7,524,389,819 Netherlands
78%
$1,545,963,119 Belgium
72%
-$1,864,289,014 Switzerland
56%
-$3,039,668,152 Ireland
50%
No matching quizzes found
Score Distribution
Percent of People with Each Score
Percentile by Number Answered
Your Score History
You have not taken this quiz